| 000 | 02274cam a2200433 i 4500 | ||
|---|---|---|---|
| 001 | 17552235 | ||
| 003 | OSt | ||
| 005 | 20260305145145.0 | ||
| 008 | 121206t20142014njua 001 0 eng | ||
| 010 | _a 2012037306 | ||
| 020 |
_a9781119889243 _qhardback |
||
| 020 |
_a9781119889250 _qhardback |
||
| 020 | _z9781119889267 | ||
| 035 | _a17552235 | ||
| 040 |
_aKABLIB _beng _cKABLIB _erda _dKABLIB |
||
| 042 | _apcc | ||
| 050 | 0 | 0 |
_aQD33.2 _b.H45 2014 |
| 082 | 0 | 0 |
_a540.71 _223 _bHEI |
| 084 |
_aSCI013000 _2bisacsh |
||
| 100 | 1 |
_aHein, Morris. _915039 |
|
| 245 | 1 | 0 | _aFoundations of college chemistry. |
| 250 |
_a16th ed. _bMorris Hein, Mount San Antonio College, Susan Arena, University of Illinois, Urbana-Champaign. |
||
| 264 | 1 |
_aHoboken, NJ : _bWiley, _c2023 |
|
| 264 | 4 | _cc2023 | |
| 300 |
_a1 volume (various pagings) : _bill ( color) ; _c29 cm |
||
| 336 |
_atext _2rdacontent |
||
| 337 |
_aunmediated _2rdamedia |
||
| 338 |
_avolume _2rdacarrier |
||
| 500 | _aIncludes index. | ||
| 520 |
_a"Learning the fundamentals of chemistry can be a difficult task to undertake for health professionals. For over 35 years, this text has helped them master the chemistry skills they need to succeed. It provides them with clear and logical explanations of chemical concepts and problem solving. They'll learn how to apply concepts with the help of worked out examples. In addition, Chemistry in Action features and conceptual questions checks brings together the understanding of chemistry and relates chemistry to things health professionals experience on a regular basis"-- _cProvided by publisher. |
||
| 650 | 0 |
_aChemistry _vTextbooks. _915040 |
|
| 650 | 7 |
_aSCIENCE / Chemistry / General. _2bisacsh _914093 |
|
| 700 | 1 |
_aArena, Susan. _915041 |
|
| 776 | 0 | 8 |
_iOnline version: _aHein, Morris. _tFoundations of college chemistry. _bFourteenth edition / Morris Hein, Mount San Antonio College, Susan Arena, University of Illinois, Urbana-Champaign. _dHoboken, NJ : John Wiley & Sons, Inc, [2014] _z9781118473856 _w(DLC) 2012049050 |
| 906 |
_a7 _bcbc _corignew _d1 _eecip _f20 _gy-gencatlg |
||
| 942 |
_2ddc _cBOOK |
||
| 999 |
_c6151 _d6151 |
||